000
00301nam a2200133Ia 4500
008
231129s1976||||xx |||||||||||||| ||spa||
040
_b
spa
082
_a
Co863.44 B517g
100
_a
Bernal C. Juan de Dios.
245
0
_a
Guarango
260
_c
1976
264
_a
Quin-Graficas
942
_2
ddc
_c
BKS
999
_c
14675
_d
14675